| 000 | 00546nam a2200169Ia 4500 | ||
|---|---|---|---|
| 003 | GCL | ||
| 008 | 140319s9999 xx 000 0 ara d | ||
| 040 |
_aGCL / _cGCL |
||
| 082 | 0 | 4 |
_a372.218 _bع ر |
| 100 | 1 | _aكاميليا عبدالفتاح | |
| 245 | 1 | 0 |
_aروضة الاطفال: مواصفاتها وبنؤها وتأثيثها واسلوب العمل بها / _cكاميليا عبدالفتاح |
| 700 | 1 | _aعزة خليل عبدالفتاح | |
| 300 | _a68 ص | ||
| 490 | _a | ||
| 650 | 0 | 4 | _aرياض الاطفال |
| 942 |
_2ddc _cBK |
||
| 999 |
_c38850 _d38850 |
||